00217nam a22001097a 4500003000400000020002200004082001300026100001700039245001900056260002400075300000800099SGT a978-81-8204-120-2 a641bVOH aVOHRA, AMIT  aKITCHEN MATHS  aDELHI bAMAN c2020 a115